Presidents Ending in -on Quiz Stats

 Plays Quiz not verified by Sporcle

Support Sporcle.
Go Orange.
Score 0/11 Timer 01:00
0 Plays Today
President % Correct
George Washington
86.7%
Andrew Johnson
83.2%
Lyndon B. Johnson
83.2%
Andrew Jackson
78%
Thomas Jefferson
77.3%
William Henry Harrison
73.1%
Benjamin Harrison
73.1%
James Madison
70.2%
Richard Nixon
67.6%
Bill Clinton
38.5%
Woodrow Wilson
35.3%

You're not logged in!

Compare scores with friends on all Sporcle quizzes.
OR
Log In

From the Vault

10 Actors, 3 Decades II

by manonthemoon

How is it that some of these actors have been around longer than 3 decades, but haven't seemed to age?
Remove Ads.
Support Sporcle.
Get the best of Sporcle when you Go Orange. This ad-free experience offers more features, more stats, and more fun while also helping to support Sporcle. Thank you for becoming a member.

Show Comments

Extras

Created Feb 7, 2011ReportNominate
Tags:US Presidents Quiz, Ending, last

Top Quizzes Today


Score Distribution

Your Account Isn't Verified!

In order to create a playlist on Sporcle, you need to verify the email address you used during registration. Go to your Sporcle Settings to finish the process.

Report this User

Report this user for behavior that violates our Community Guidelines.

Details: